Jeux Olympiques 2020 - Pays participants - Statistiques

Statistiques générales
  • Ce quiz a été pris 4 fois
  • Le résultat moyen est 66 sur 195
Réponses sur la Carte
Les réponses sont colorées sur une échelle allant du rouge au vert en fonction du pourcentage des utilisateurs qui les ont devinées à leur premier essai. Vous pouvez retrouver ces pourcentages ci-dessous.
 
Statistiques - réponses
Nombre d'athlètes Pays % Correct
371 Canada
75%
227 Corée du Sud
75%
620 Etats-Unis
75%
380 France
75%
590 Japon
75%
336 Russie
75%
05 Afghanistan
50%
176 Afrique du Sud
50%
44 Algérie
50%
402 Allemagne
50%
29 Arabie Saoudite
50%
174 Argentine
50%
471 Australie
50%
75 Autriche
50%
123 Belgique
50%
109 Biélorussie
50%
301 Brésil
50%
54 Chili
50%
405 Chine
50%
59 Croatie
50%
105 Danemark
50%
133 Egypte
50%
321 Espagne
50%
32 Estonie
50%
48 Finlande
50%
81 Grèce
50%
169 Hongrie
50%
119 Inde
50%
28 Indonésie
50%
04 Irak
50%
66 Iran
50%
117 Irlande
50%
04 Islande
50%
371 Italie
50%
37 Lituanie
50%
12 Luxembourg
50%
06 Madagascar
50%
04 Mali
50%
50 Maroc
50%
159 Mexique
50%
06 Monaco
50%
43 Mongolie
50%
92 Norvège
50%
10 Pakistan
50%
08 Paraguay
50%
278 Pays-Bas
50%
34 Pérou
50%
210 Pologne
50%
92 Portugal
50%
07 République démocratique du Congo
50%
64 République dominicaine
50%
03 République du Congo
50%
100 Roumanie
50%
376 Royaume-Uni
50%
87 Serbie
50%
128 Suède
50%
113 Suisse
50%
62 Tunisie
50%
108 Turquie
50%
156 Ukraine
50%
18 Vietnam
50%
09 Albanie
25%
02 Andorre
25%
20 Angola
25%
06 Antigua-et-Barbuda
25%
17 Arménie
25%
44 Azerbaidjan
25%
16 Bahamas
25%
31 Bahreïn
25%
06 Bangladesh
25%
08 Barbade
25%
03 Belize
25%
07 Bénin
25%
04 Bhoutan
25%
03 Birmanie
25%
04 Bolivie
25%
07 Bosnie-Herzégovine
25%
13 Botswana
25%
02 Brunei
25%
42 Bulgarie
25%
07 Burkina Faso
25%
06 Burundi
25%
03 Cambodge
25%
12 Cameroun
25%
06 Cap-Vert
25%
15 Chypre
25%
69 Colombie
25%
03 Comores
25%
12 Costa Rica
25%
27 Côte d'Ivoire
25%
69 Cuba
25%
04 Djibouti
25%
02 Dominique
25%
05 Emirats arabes unis
25%
47 Equateur
25%
13 Erythrée
25%
04 Eswatini
25%
38 Ethiopie
25%
30 Fidji
25%
05 Gabon
25%
04 Gambie
25%
35 Géorgie
25%
14 Ghana
25%
06 Grenade
25%
23 Guatemala
25%
05 Guinée
25%
04 Guinée-Bissau
25%
03 Guinée équatoriale
25%
07 Guyana
25%
06 Haïti
25%
23 Honduras
25%
02 Iles Marshall
25%
88 Israël
25%
58 Jamaïque
25%
14 Jordanie
25%
94 Kazakhstan
25%
85 Kenya
25%
17 Kirghizistan
25%
03 Kiribati
25%
11 Kosovo
25%
10 Koweït
25%
04 Laos
25%
02 Lesotho
25%
33 Lettonie
25%
06 Liban
25%
03 Liberia
25%
04 Libye
25%
05 Liechtenstein
25%
08 Macédoine du Nord
25%
30 Malaisie
25%
05 Malawi
25%
04 Maldives
25%
06 Malte
25%
08 Maurice
25%
02 Mauritanie
25%
03 Micronésie
25%
19 Moldavie
25%
34 Monténégro
25%
10 Mozambique
25%
11 Namibie
25%
02 Nauru
25%
05 Népal
25%
08 Nicaragua
25%
07 Niger
25%
60 Nigeria
25%
211 Nouvelle-Zélande
25%
05 Oman
25%
25 Ouganda
25%
67 Ouzbékistan
25%
03 Palaos
25%
05 Palestine
25%
10 Panama
25%
08 Papouasie-Nouvelle-Guinée
25%
19 Philippines
25%
16 Qatar
25%
02 République Centrafricaine
25%
115 République tchèque
25%
06 Rwanda
25%
02 Saint-Christophe-et-Niévès
25%
05 Sainte-Lucie
25%
05 Saint-Marin
25%
03 Saint-Vincent-et-les-Grenadines
25%
03 Salomon
25%
05 Salvador
25%
08 Samoa
25%
03 Sao Tomé-et-Principe
25%
09 Sénégal
25%
05 Seychelles
25%
04 Sierra Leone
25%
23 Singapour
25%
41 Slovaquie
25%
53 Slovénie
25%
02 Somalie
25%
05 Soudan
25%
02 Soudan du Sud
25%
09 Sri Lanka
25%
03 Suriname
25%
06 Syrie
25%
11 Tadjikistan
25%
66 Taïwan
25%
03 Tanzanie
25%
03 Tchad
25%
42 Thaïlande
25%
03 Timor oriental
25%
04 Togo
25%
06 Tonga
25%
30 Trinite-et-Tobago
25%
09 Turkménistan
25%
02 Tuvalu
25%
11 Uruguay
25%
03 Vanuatu
25%
44 Venezuela
25%
05 Yémen
25%
26 Zambie
25%
05 Zimbabwe
25%
Aucun quiz correspondant
Distribution des résultats
% des personnes avec chaque résultat
Percentile par nombre de réponses
Votre historique - résultats
Vous n’avez pas pris ce quiz